[Event "FRA Cup 0405"]
[Site "FRA"]
[Date "2005.03.06"]
[Round "?"]
[White "Mania, Clement"]
[Black "Dussol, Pierre"]
[Result "0-1"]
[WhiteElo "1960"]
[BlackElo "2245"]
[PlyCount "106"]
[EventDate "2005.03.06"]
[EventType "team-match"]
[EventCountry "FRA"]
[WhiteTeamCountry "FRA"]
[BlackTeamCountry "FRA"]

1. d4 Nf6 2. Nc3 c5 3. d5 g6 4. e4 d6 5. f4 a6 6. Nf3 Bg4 7. a4 Nbd7 8. Be2
Bxf3 9. Bxf3 Bg7 10. Ra3 O-O 11. g4 Rb8 12. Qe2 e6 13. g5 Ne8 14. h4 b5 15.
axb5 axb5 16. h5 b4 17. Qh2 bxa3 18. hxg6 h6 19. gxf7+ Rxf7 20. dxe6 Rf8 21. e7
axb2 22. Bxb2 Qxe7 23. Nd5 Qf7 24. g6 Qxd5 25. exd5 Rxb2 26. Qh3 Ndf6 27. Qe6+
Kh8 28. Kd2 Rb4 29. Bg4 Rxf4 30. Bf5 Nxd5 31. Qxd5 Rd4+ 32. Qxd4 cxd4 33. Be6
Rf2+ 34. Kd3 Be5 35. Bf7 Nf6 36. Rxh6+ Kg7 37. Rh1 Rf3+ 38. Kd2 Bf4+ 39. Kd1
Rf2 40. Rh4 Be3 41. Bc4 Kxg6 42. Bd3+ Kg5 43. Rh8 Rd2+ 44. Ke1 Ng4 45. Rg8+ Kf4
46. Rf8+ Ke5 47. Re8+ Kd5 48. Be4+ Kc5 49. Rc8+ Kb4 50. Rb8+ Ka3 51. Ra8+ Kb2
52. Rb8+ Kc1 53. c4 Bf2+ 0-1

[Event "FRA Cup 0405"]
[Site "FRA"]
[Date "2004.??.??"]
[Round "4.3"]
[White "Degraeve, Jean Marc"]
[Black "Sermier, Alain"]
[Result "1-0"]
[WhiteElo "2556"]
[BlackElo "2178"]
[PlyCount "65"]
[EventDate "2005.03.06"]
[EventType "team-match"]
[EventCountry "FRA"]
[WhiteTeamCountry "FRA"]
[BlackTeamCountry "FRA"]

1. e4 e5 2. Nf3 Nc6 3. Bc4 Bc5 4. c3 Qe7 5. O-O Nf6 6. d3 d6 7. Nbd2 a6 8. Bb3
O-O 9. Re1 h6 10. Nf1 Kh7 11. d4 Ba7 12. h3 g6 13. Ng3 Bd7 14. Be3 Na5 15. Bc2
Nc4 16. Bc1 Rae8 17. b3 Nb6 18. Qd2 Ng8 19. Ba3 f6 20. Rad1 Bc8 21. Nh2 Qg7 22.
f4 Ne7 23. Kh1 Nc6 24. Rf1 Nd7 25. Bb2 Re7 26. Ng4 Ref7 27. f5 h5 28. Ne3 Nb6
29. Qe2 g5 30. Nxh5 Qh6 31. Ng4 Qxh5 32. Nxf6+ Rxf6 33. Qxh5+ 1-0

[Event "FRA Cup 0405"]
[Site "FRA"]
[Date "2004.04.22"]
[Round "4"]
[White "Lecoq, Julien"]
[Black "Berriot, Bernard"]
[Result "1-0"]
[WhiteElo "2205"]
[BlackElo "2394"]
[PlyCount "83"]
[EventDate "2005.03.06"]
[EventType "team-match"]
[EventCountry "FRA"]
[WhiteTeamCountry "FRA"]
[BlackTeamCountry "FRA"]

1. e4 c5 2. Nf3 Nc6 3. d4 cxd4 4. Nxd4 Nf6 5. Nc3 e5 6. Ndb5 d6 7. Bg5 a6 8.
Na3 b5 9. Nd5 Be7 10. Bxf6 Bxf6 11. c3 O-O 12. Nc2 Rb8 13. h4 a5 14. a3 Be6 15.
Nce3 Be7 16. Be2 a4 17. Bg4 Qd7 18. Nf5 Bd8 19. Qf3 Ne7 20. Nh6+ Kh8 21. Bxe6
Qxe6 22. Nxe7 Bxe7 23. Nf5 g6 24. Nxe7 Qxe7 25. h5 Kg8 26. Rd1 Qe6 27. Qe3 f5
28. Qh6 Rb6 29. Rd3 f4 30. hxg6 Qxg6 31. Rh5 Qxe4+ 32. Kd2 Kf7 33. Rg5 Ke7 34.
f3 Qc4 35. Rxe5+ dxe5 36. Qxb6 Re8 37. Qd6+ Kf7 38. Qh6 Qe6 39. Qxh7+ Kf8 40.
Rd7 Qf6 41. Kc1 Re7 42. Qxe7+ 1-0

[Event "FRA Cup 0405"]
[Site "FRA"]
[Date "2004.02.01"]
[Round "6.2"]
[White "Houck, Gautier"]
[Black "Guilbert, Jean Louis"]
[Result "1/2-1/2"]
[WhiteElo "2110"]
[BlackElo "2093"]
[PlyCount "63"]
[EventDate "2005.03.06"]
[EventType "team-match"]
[EventCountry "FRA"]
[WhiteTeamCountry "FRA"]
[BlackTeamCountry "FRA"]

1. d4 d5 2. c4 Bf5 3. Nc3 e6 4. cxd5 exd5 5. Nf3 Nf6 6. Bg5 Bb4 7. e3 O-O 8.
Bd3 Bxc3+ 9. bxc3 Bxd3 10. Qxd3 Nbd7 11. c4 dxc4 12. Qxc4 Nb6 13. Bxf6 Nxc4 14.
Bxd8 Rfxd8 15. Rc1 Na3 16. Ke2 c6 17. Rhd1 f6 18. Rd3 Nb5 19. Nd2 Rac8 20. d5
c5 21. a4 Nd6 22. Nc4 b6 23. Nxd6 Rxd6 24. e4 a6 25. f4 c4 26. Rdc3 b5 27. axb5
axb5 28. Rb1 Re8 29. Kf3 f5 30. Rxb5 Rxe4 31. Rc5 Rd4 32. R3xc4 1/2-1/2

[Event "FRA Cup 0405"]
[Site "FRA"]
[Date "2004.04.03"]
[Round "8.1"]
[White "Guilbert, Jean Louis"]
[Black "Viatte, Robert"]
[Result "1/2-1/2"]
[WhiteElo "2100"]
[BlackElo "2136"]
[PlyCount "48"]
[EventDate "2005.03.06"]
[EventType "team-match"]
[EventCountry "FRA"]
[WhiteTeamCountry "FRA"]
[BlackTeamCountry "FRA"]

1. d4 g6 2. c4 Bg7 3. Nc3 d6 4. Nf3 Bg4 5. e3 Nc6 6. Be2 e5 7. dxe5 dxe5 8.
Qxd8+ Rxd8 9. h3 Bxf3 10. Bxf3 Nge7 11. O-O f5 12. Bxc6+ Nxc6 13. Rd1 Rxd1+ 14.
Nxd1 e4 15. Bd2 Kf7 16. Bc3 Ne5 17. b3 Rd8 18. Kf1 Ke6 19. Ke2 Bf6 20. Nb2 g5
21. Rd1 Rxd1 22. Nxd1 a6 23. Bd4 Nd7 24. Bxf6 Kxf6 1/2-1/2

[Event "FRA Cup 0405"]
[Site "FRA"]
[Date "2004.04.04"]
[Round "9.2"]
[White "Guilbert, Jean Louis"]
[Black "Ramon, Didier"]
[Result "1/2-1/2"]
[WhiteElo "2100"]
[BlackElo "2198"]
[PlyCount "107"]
[EventDate "2005.03.06"]
[EventType "team-match"]
[EventCountry "FRA"]
[WhiteTeamCountry "FRA"]
[BlackTeamCountry "FRA"]

1. d4 Nf6 2. c4 c5 3. d5 Ne4 4. Nd2 Qa5 5. f3 Nd6 6. e4 g6 7. Bd3 Bg7 8. Ne2 b5
9. O-O Ba6 10. Qc2 bxc4 11. Nxc4 Nxc4 12. Bxc4 Bxc4 13. Qxc4 d6 14. Rd1 a6 15.
Bd2 Qb5 16. Qxb5+ axb5 17. Bc3 O-O 18. Bxg7 Kxg7 19. a3 Na6 20. Rac1 Rfb8 21.
Kf2 b4 22. a4 b3 23. Rc3 Nb4 24. Rxb3 Rxa4 25. Ra3 Rba8 26. Rxa4 Rxa4 27. Nc3
Ra7 28. Rd2 Rb7 29. Ke3 Rb6 30. Na4 Ra6 31. Nc3 Kf8 32. f4 Ke8 33. g4 h6 34. h4
Kd7 35. h5 gxh5 36. gxh5 Ra8 37. Rg2 Ra1 38. Rh2 Rg1 39. Kf2 Rc1 40. Ke3 e6 41.
Kf3 Nc2 42. Nb5 exd5 43. exd5 Rf1+ 44. Ke4 Re1+ 45. Kf3 Re3+ 46. Kg4 Nb4 47.
Rd2 Rd3 48. Rxd3 Nxd3 49. Kf5 Ke7 50. Na7 Nxb2 51. Nc6+ Kf8 52. Na7 Nc4 53. Nc8
Kg7 54. Ke4 1/2-1/2

[Event "Paris Ch op C"]
[Site "Paris "]
[Date "2008.06.28"]
[Round "1.1"]
[White "Elzoghlami, Mehdi"]
[Black "Combet, Pierre"]
[Result "1-0"]
[WhiteElo "1500"]
[BlackElo "1370"]
[PlyCount "57"]
[EventDate "2008.06.28"]
[EventType "swiss"]
[EventRounds "9"]
[EventCountry "FRA"]
[WhiteTeamCountry "FRA"]
[BlackTeamCountry "FRA"]

1. e4 e5 2. Nf3 Nf6 3. Nxe5 d6 4. Nf3 Nxe4 5. Nc3 d5 6. d4 Bf5 7. Bd3 Bb4 8.
Qe2 Bxc3+ 9. bxc3 O-O 10. Bb2 Re8 11. O-O Nd6 12. Qd2 Bxd3 13. cxd3 f6 14. Rfe1
Nc6 15. Ba3 Qd7 16. Rab1 b6 17. Qf4 Nb5 18. Bb2 Re6 19. Kf1 Rae8 20. c4 dxc4
21. Rxe6 Rxe6 22. dxc4 g5 23. Nxg5 fxg5 24. Qxg5+ Rg6 25. Qxb5 Qg4 26. Qd5+ Kg7
27. h3 Qh4 28. Qd7+ Kf8 29. Re1 1-0

[Event "Mulhouse 2010 - GM"]
[Site "Mulhouse"]
[Date "2010.??.??"]
[Round "?"]
[White "Stojanovic, Mihajlo"]
[Black "Strohhaeker, Raoul"]
[Result "1/2-1/2"]
[WhiteElo "2577"]
[BlackElo "2432"]
[PlyCount "106"]
[EventDate "2010.07.??"]
[EventType "tourn"]
[EventRounds "9"]
[EventCountry "FRA"]
[EventCategory "13"]
[WhiteTeamCountry "FRA"]
[BlackTeamCountry "FRA"]

1. d4 d5 2. c4 c6 3. cxd5 cxd5 4. Nc3 Nf6 5. Bg5 Ne4 6. Nxe4 dxe4 7. a3 Qd5 8.
Bh4 Nc6 9. e3 e5 10. Ne2 exd4 11. Nc3 Qf5 12. exd4 g5 13. Bg3 Bg7 14. d5 Nd4
15. Bb5+ Nxb5 16. Nxb5 O-O 17. O-O Bd7 18. Nc7 Rac8 19. Bd6 Rfd8 20. Be7 Be5
21. Rc1 Bxh2+ 22. Kxh2 Qe5+ 23. Kg1 Qxe7 24. Qb3 Bc6 25. dxc6 Rxc7 26. cxb7
Rxb7 27. Qc3 Rd3 28. Qc2 Rdb3 29. Rfe1 e3 30. Re2 Kg7 31. Rf1 Rxb2 32. Qc3+ Qf6
33. Rxe3 Qxc3 34. Rxc3 R2b3 35. Rc5 R7b5 36. Rfc1 Rxc5 37. Rxc5 Rxa3 38. Rxg5+
Kf6 39. Rc5 Ra1+ 40. Kh2 Re1 41. Ra5 Re7 42. g4 Ke6 43. Kg3 Kd6 44. g5 Kc6 45.
Ra6+ Kb7 46. Rh6 a5 47. Rxh7 Rc7 48. f4 a4 49. f5 a3 50. Rh2 Kc6 51. Kf4 Ra7
52. Ra2 Kd5 53. g6 fxg6 1/2-1/2

[Event "Mulhouse 2010 - GM"]
[Site "Mulhouse"]
[Date "2010.07.??"]
[Round "?"]
[White "Gozzoli, Yannick"]
[Black "Wirig, Anthony"]
[Result "1/2-1/2"]
[WhiteElo "2524"]
[BlackElo "2491"]
[PlyCount "48"]
[EventDate "2010.07.??"]
[EventType "tourn"]
[EventRounds "9"]
[EventCountry "FRA"]
[EventCategory "13"]
[WhiteTeamCountry "FRA"]
[BlackTeamCountry "FRA"]

1. d4 Nf6 2. c4 e6 3. Nf3 d5 4. g3 dxc4 5. Bg2 c5 6. O-O Nc6 7. Ne5 Bd7 8. Na3
cxd4 9. Naxc4 Be7 10. Bf4 Rc8 11. Qb3 Nd5 12. Qxb7 Nxe5 13. Nxe5 Rc7 14. Qa6
Nxf4 15. gxf4 O-O 16. Rfc1 Qc8 17. Qxc8 Rfxc8 18. Rxc7 Rxc7 19. Nxd7 Rxd7 20.
Rc1 g6 21. Rc8+ Kg7 22. Bc6 d3 23. Bxd7 dxe2 24. Rc1 Bb4 1/2-1/2

[Event "Mulhouse 2010 - GM"]
[Site "Mulhouse"]
[Date "2010.??.??"]
[Round "?"]
[White "Riff, Jean Noel"]
[Black "Pogonina, Natalija"]
[Result "1-0"]
[WhiteElo "2499"]
[BlackElo "2501"]
[PlyCount "81"]
[EventDate "2010.07.??"]
[EventType "tourn"]
[EventRounds "9"]
[EventCountry "FRA"]
[EventCategory "13"]
[WhiteTeamCountry "FRA"]
[BlackTeamCountry "FRA"]

1. e4 e5 2. Nf3 Nc6 3. Bb5 a6 4. Ba4 Nf6 5. O-O Be7 6. Re1 b5 7. Bb3 O-O 8. c3
d6 9. h3 Bb7 10. d4 Nd7 11. Nbd2 exd4 12. cxd4 Bf6 13. Nf1 Na5 14. Bc2 Re8 15.
N1h2 h5 16. Rb1 c5 17. d5 Nc4 18. b3 Ncb6 19. Bf4 Nf8 20. Nd2 Bg5 21. Be3 Bxe3
22. Rxe3 Qh4 23. Qf1 Ng6 24. a4 b4 25. a5 Nd7 26. Nc4 Qf6 27. f4 Ndf8 28. g3
Bc8 29. Nf3 Bd7 30. e5 dxe5 31. fxe5 Qd8 32. Rbe1 Bb5 33. e6 fxe6 34. dxe6 Ra7
35. Qd3 Qb8 36. Ng5 Rae7 37. Qf5 h4 38. Qg4 hxg3 39. Qh5 Nf4 40. Bh7+ Kh8 41.
Qh4 1-0

[Event "Mulhouse 2010 - IM"]
[Site "Mulhouse"]
[Date "2010.??.??"]
[Round "?"]
[White "Genzling, Alain"]
[Black "Sanduleac, Vasile"]
[Result "1/2-1/2"]
[WhiteElo "2405"]
[BlackElo "2457"]
[PlyCount "33"]
[EventDate "2010.07.??"]
[EventType "tourn"]
[EventCountry "FRA"]
[EventCategory "4"]
[WhiteTeamCountry "FRA"]
[BlackTeamCountry "FRA"]

1. e4 c6 2. d4 d5 3. exd5 cxd5 4. Bd3 Nc6 5. c3 Nf6 6. Bf4 Bg4 7. Qb3 Na5 8.
Qa4+ Bd7 9. Qc2 Qb6 10. a4 Rc8 11. Nd2 Nc4 12. Nb3 e6 13. h3 Nh5 14. Bh2 Bd6
15. Bxd6 Qxd6 16. Ne2 Nf4 17. Nxf4 1/2-1/2

[Event "Mulhouse 2010 - GM"]
[Site "Mulhouse"]
[Date "2010.??.??"]
[Round "?"]
[White "Kurmann, Oliver"]
[Black "Roser, Kevin"]
[Result "1-0"]
[WhiteElo "2443"]
[BlackElo "2429"]
[PlyCount "127"]
[EventDate "2010.07.??"]
[EventType "tourn"]
[EventRounds "9"]
[EventCountry "FRA"]
[EventCategory "13"]
[WhiteTeamCountry "FRA"]
[BlackTeamCountry "FRA"]

1. e4 c5 2. Nf3 Nc6 3. d4 cxd4 4. Nxd4 Nf6 5. Nc3 d6 6. Bg5 e6 7. Qd2 a6 8.
O-O-O Be7 9. f3 h6 10. Be3 Nxd4 11. Bxd4 b5 12. Kb1 Rb8 13. Ba7 Rb7 14. Be3 Qa5
15. Nd5 Qxd2 16. Nxf6+ gxf6 17. Bxd2 Rc7 18. b3 Bb7 19. c4 bxc4 20. Bxc4 h5 21.
Bf4 Rg8 22. Rd2 Rd7 23. Rhd1 Rg7 24. a4 Rc7 25. Bf1 e5 26. Be3 Rc3 27. Bh6 Rg6
28. Kb2 Rc7 29. Be3 Bc8 30. Bb6 Rc6 31. a5 Bb7 32. b4 Rc8 33. b5 axb5 34. Bxb5+
Kf8 35. Rc1 Rb8 36. Bc7 Ra8 37. Ra1 Ba6 38. Bxa6 Rxa6 39. Kb3 Ke8 40. Rc2 Bd8
41. Bxd8 Kxd8 42. Kb4 Kd7 43. Kb5 Ra8 44. a6 Ke6 45. a7 f5 46. Ka6 fxe4 47.
fxe4 f5 48. exf5+ Kxf5 49. Kb7 Rgg8 50. Rac1 e4 51. g3 d5 52. Rc8 Rgxc8 53.
Rxc8 Rxa7+ 54. Kxa7 d4 55. Kb6 d3 56. Rd8 Kg4 57. Kc5 Kf3 58. Kc4 Kg2 59. Kd4
Kf3 60. Rf8+ Ke2 61. Kxe4 d2 62. Rd8 d1=Q 63. Rxd1 Kxd1 64. Kf4 1-0

[Event "Mulhouse 2010 - GM"]
[Site "Mulhouse"]
[Date "2010.??.??"]
[Round "?"]
[White "Kurmann, Oliver"]
[Black "Riff, Jean Noel"]
[Result "1/2-1/2"]
[WhiteElo "2443"]
[BlackElo "2499"]
[PlyCount "30"]
[EventDate "2010.07.??"]
[EventType "tourn"]
[EventRounds "9"]
[EventCountry "FRA"]
[EventCategory "13"]
[WhiteTeamCountry "FRA"]
[BlackTeamCountry "FRA"]

1. e4 e6 2. d4 d5 3. Nd2 Be7 4. Bd3 c5 5. dxc5 Nf6 6. Qe2 Nc6 7. Ngf3 Bxc5 8.
O-O Qc7 9. a3 O-O 10. e5 Nd7 11. b4 Nd4 12. Qd1 Nxf3+ 13. Nxf3 Be7 14. Bb2 a5
15. Qd2 axb4 1/2-1/2

[Event "Mulhouse 2010 - GM"]
[Site "Mulhouse"]
[Date "2010.??.??"]
[Round "?"]
[White "Strohhaeker, Raoul"]
[Black "Gozzoli, Yannick"]
[Result "0-1"]
[WhiteElo "2432"]
[BlackElo "2524"]
[PlyCount "126"]
[EventDate "2010.07.??"]
[EventType "tourn"]
[EventRounds "9"]
[EventCountry "FRA"]
[EventCategory "13"]
[WhiteTeamCountry "FRA"]
[BlackTeamCountry "FRA"]

1. e4 e5 2. Nf3 Nc6 3. Bc4 Nf6 4. Ng5 d5 5. exd5 b5 6. Bf1 Nd4 7. c3 Nxd5 8.
cxd4 Qxg5 9. Bxb5+ Kd8 10. Qf3 Bb7 11. O-O Rb8 12. d3 Nf4 13. Bxf4 exf4 14. Bc6
Bxc6 15. Qxc6 Qb5 16. Qxb5 Rxb5 17. b3 Bb4 18. a3 Ra5 19. Rc1 Re8 20. Ra2 f3
21. gxf3 Rg5+ 22. Kf1 Bd6 23. Re2 Rh8 24. Re4 f5 25. Rh4 h5 26. b4 f4 27. Rc6
Rf5 28. Ra6 g5 29. Rxa7 Kd7 30. Rh3 Kc6 31. Nd2 Kb6 32. Ra4 h4 33. Ne4 Be7 34.
Ke2 Rd8 35. Kd2 Rfd5 36. Kc2 Rxd4 37. Ra5 R4d5 38. Rxd5 Rxd5 39. Kc3 c5 40. Kc4
Rd4+ 41. Kc3 Kc6 42. bxc5 Ra4 43. Kb3 Ra8 44. Kc4 Ra5 45. d4 Ra4+ 46. Kd3 Rxa3+
47. Nc3 Bf6 48. Kc4 Rxc3+ 49. Kxc3 Kd5 50. Kd3 Bxd4 51. c6 Be5 52. Ke2 Kxc6 53.
Kd3 Kd5 54. Ke2 Kc4 55. Kd2 Bd6 56. Ke2 Kc3 57. Kd1 Kd3 58. Ke1 Be5 59. Kf1 Kd2
60. Kg1 Ke1 61. Kg2 Ke2 62. Rg3 hxg3 63. fxg3 g4 0-1

[Event "Mulhouse 2010 - GM"]
[Site "Mulhouse"]
[Date "2010.??.??"]
[Round "?"]
[White "Roser, Kevin"]
[Black "Wirig, Anthony"]
[Result "1-0"]
[WhiteElo "2429"]
[BlackElo "2491"]
[PlyCount "83"]
[EventDate "2010.07.??"]
[EventType "tourn"]
[EventRounds "9"]
[EventCountry "FRA"]
[EventCategory "13"]
[WhiteTeamCountry "FRA"]
[BlackTeamCountry "FRA"]

1. e4 c5 2. Nf3 g6 3. d4 cxd4 4. Nxd4 Nf6 5. Nc3 d6 6. Be3 a6 7. f3 Bg7 8. Qd2
h5 9. Bc4 Nbd7 10. O-O-O b5 11. Bb3 Bb7 12. Rhe1 Rc8 13. Bg5 O-O 14. Bh6 Nc5
15. Bxg7 Nxb3+ 16. axb3 Kxg7 17. e5 Nh7 18. e6 f5 19. Nce2 Qb6 20. h3 b4 21. g4
fxg4 22. hxg4 Qa5 23. Kb1 hxg4 24. fxg4 Rf6 25. Rh1 Bxh1 26. Rxh1 Rh8 27. Qh6+
Kg8 28. Nc6 Qc7 29. Ned4 g5 30. Qh5 Kf8 31. Nxb4 Qb7 32. Nbc6 Qc8 33. Qxg5 Qe8
34. Qa5 Kg8 35. Qc7 Kf8 36. g5 Rf2 37. g6 Qxg6 38. Qxe7+ Kg8 39. Qxd6 Qf6 40.
Qg3+ Kf8 41. Qb8+ Kg7 42. Qc7+ 1-0

[Event "Mulhouse 2010 - GM"]
[Site "Mulhouse"]
[Date "2010.??.??"]
[Round "?"]
[White "Pogonina, Natalija"]
[Black "Rusev, Krasimir"]
[Result "1/2-1/2"]
[WhiteElo "2501"]
[BlackElo "2553"]
[PlyCount "49"]
[EventDate "2010.07.??"]
[EventType "tourn"]
[EventRounds "9"]
[EventCountry "FRA"]
[EventCategory "13"]
[WhiteTeamCountry "FRA"]
[BlackTeamCountry "FRA"]

1. e4 d6 2. d4 Nf6 3. Nc3 e5 4. Nf3 Nbd7 5. Bc4 Be7 6. O-O O-O 7. Re1 a6 8. a4
b6 9. b3 c6 10. Bd3 Re8 11. Ne2 Bf8 12. Ng3 g6 13. Bb2 Bb7 14. Qd2 b5 15. axb5
axb5 16. Rxa8 Qxa8 17. dxe5 Nxe5 18. Nxe5 dxe5 19. Be2 Qc8 20. Qe3 Qc7 21. Rd1
Nd7 22. Bg4 Nf6 23. Be2 Nd7 24. Bg4 Nf6 25. Be2 1/2-1/2

[Event "Mulhouse 2010 - GM"]
[Site "Mulhouse"]
[Date "2010.??.??"]
[Round "?"]
[White "Stojanovic, Mihajlo"]
[Black "Pogonina, Natalija"]
[Result "1-0"]
[WhiteElo "2577"]
[BlackElo "2501"]
[PlyCount "56"]
[EventDate "2010.07.??"]
[EventType "tourn"]
[EventRounds "9"]
[EventCountry "FRA"]
[EventCategory "13"]
[WhiteTeamCountry "FRA"]
[BlackTeamCountry "FRA"]

1. d4 Nf6 2. Nf3 d5 3. c4 e6 4. e3 Be7 5. b3 O-O 6. Bb2 b6 7. Nc3 Bb7 8. Bd3
Nbd7 9. O-O c5 10. Qe2 Rc8 11. cxd5 exd5 12. Rfd1 Bd6 13. Ba6 Bxa6 14. Qxa6 c4
15. Rac1 Nb8 16. Qxa7 Nc6 17. Qa4 Nb4 18. bxc4 dxc4 19. Ne5 Qe7 20. h3 Qe6 21.
Qb5 Bxe5 22. dxe5 Nd3 23. Rxd3 cxd3 24. exf6 Rfd8 25. Rd1 Rc4 26. e4 g6 27. Qg5
Kh8 28. Rxd3 Ra8 1-0

[Event "Mulhouse 2010 - GM"]
[Site "Mulhouse"]
[Date "2010.??.??"]
[Round "?"]
[White "Wirig, Anthony"]
[Black "Strohhaeker, Raoul"]
[Result "0-1"]
[WhiteElo "2491"]
[BlackElo "2432"]
[PlyCount "136"]
[EventDate "2010.07.??"]
[EventType "tourn"]
[EventRounds "9"]
[EventCountry "FRA"]
[EventCategory "13"]
[WhiteTeamCountry "FRA"]
[BlackTeamCountry "FRA"]

1. e4 c5 2. Nf3 e6 3. d4 cxd4 4. Nxd4 a6 5. c4 Nf6 6. Nc3 Bb4 7. Bd3 Nc6 8.
Nde2 Bc5 9. O-O d6 10. a3 e5 11. b4 Ba7 12. h3 Be6 13. Nd5 O-O 14. Bg5 Bxd5 15.
exd5 Nd4 16. Be3 Nxe2+ 17. Qxe2 Bxe3 18. Qxe3 a5 19. g3 e4 20. Be2 Qe7 21. Qd4
Nd7 22. Rab1 f5 23. c5 axb4 24. c6 Ne5 25. axb4 Qf6 26. Qd2 Qg6 27. Kh2 f4 28.
gxf4 Qh6 29. Qe3 Rxf4 30. cxb7 Rb8 31. b5 Rxb7 32. Rb4 Qh4 33. f3 Rbf7 34. Rxe4
Rxe4 35. Qxe4 Nxf3+ 36. Qxf3 Rxf3 37. Bxf3 Qc4 38. Re1 Qxb5 39. Re6 g6 40. Kg2
Qc5 41. Re7 Qd4 42. Re4 Qd2+ 43. Re2 Qg5+ 44. Kf2 Kf7 45. Re6 Qf4 46. Kg2 h5
47. Be4 h4 48. Kh1 g5 49. Bg6+ Kg7 50. Bh5 Qc1+ 51. Kg2 Qd2+ 52. Re2 Qxd5+ 53.
Bf3 Qd4 54. Bg4 Qf4 55. Re7+ Kf8 56. Re2 Qg3+ 57. Kf1 d5 58. Rd2 Qc3 59. Ke2 d4
60. Rd3 Qc2+ 61. Rd2 Qe4+ 62. Kd1 Qe3 63. Re2 Qb3+ 64. Ke1 Qc3+ 65. Kf1 d3 66.
Re1 d2 67. Rd1 Qe3 68. Kg2 Qe1 0-1

[Event "Mulhouse 2010 - GM"]
[Site "Mulhouse"]
[Date "2010.??.??"]
[Round "?"]
[White "Riff, Jean Noel"]
[Black "Roser, Kevin"]
[Result "1/2-1/2"]
[WhiteElo "2499"]
[BlackElo "2429"]
[PlyCount "44"]
[EventDate "2010.07.??"]
[EventType "tourn"]
[EventRounds "9"]
[EventCountry "FRA"]
[EventCategory "13"]
[WhiteTeamCountry "FRA"]
[BlackTeamCountry "FRA"]

1. e4 c5 2. Nf3 Nc6 3. Nc3 d6 4. d4 cxd4 5. Nxd4 Nf6 6. h3 g6 7. Be3 Bg7 8. Bc4
O-O 9. Bb3 Na5 10. Qd3 Nxb3 11. axb3 b6 12. O-O Bb7 13. f4 a6 14. Rfd1 Qc7 15.
Nf3 b5 16. b4 Rac8 17. Nd2 Rfd8 18. Nb3 e5 19. Na5 Ba8 20. Nb3 Bb7 21. Na5 Ba8
22. Nb3 Bb7 1/2-1/2

[Event "Mulhouse 2010 - GM"]
[Site "Mulhouse"]
[Date "2010.07.??"]
[Round "?"]
[White "Rusev, Krasimir"]
[Black "Kurmann, Oliver"]
[Result "1/2-1/2"]
[WhiteElo "2553"]
[BlackElo "2443"]
[PlyCount "31"]
[EventDate "2010.07.??"]
[EventType "tourn"]
[EventRounds "9"]
[EventCountry "FRA"]
[EventCategory "13"]
[WhiteTeamCountry "FRA"]
[BlackTeamCountry "FRA"]

1. d4 e6 2. c4 Nf6 3. Nf3 d5 4. g3 Be7 5. Bg2 O-O 6. O-O dxc4 7. Qc2 a6 8. a4
Bd7 9. Ne5 Nc6 10. Qxc4 Be8 11. Nxc6 Bxc6 12. Bxc6 bxc6 13. Be3 Qd5 14. Nd2
Rfb8 15. b3 Rb4 16. Qxd5 1/2-1/2

[Event "Mulhouse 2010 - GM"]
[Site "Mulhouse"]
[Date "2010.??.??"]
[Round "?"]
[White "Pogonina, Natalija"]
[Black "Gozzoli, Yannick"]
[Result "0-1"]
[WhiteElo "2501"]
[BlackElo "2524"]
[PlyCount "104"]
[EventDate "2010.07.??"]
[EventType "tourn"]
[EventRounds "9"]
[EventCountry "FRA"]
[EventCategory "13"]
[WhiteTeamCountry "FRA"]
[BlackTeamCountry "FRA"]

1. e4 e5 2. Nf3 Nc6 3. Bb5 Nf6 4. d3 Bc5 5. c3 O-O 6. O-O d5 7. Qc2 Re8 8. Bg5
dxe4 9. dxe4 h6 10. Bh4 a6 11. Bxc6 bxc6 12. Nbd2 g5 13. Bg3 Nh5 14. Nb3 Nxg3
15. hxg3 Bb6 16. c4 c5 17. Qc3 Qe7 18. Rfe1 f6 19. Nfd2 Be6 20. Nf1 c6 21. Ne3
h5 22. Nf5 Bxf5 23. exf5 Qd7 24. Qf3 e4 25. Qxh5 Qxf5 26. g4 Qh7 27. Qxh7+ Kxh7
28. Rad1 Kg6 29. Rd6 Rac8 30. Kf1 Re7 31. Ke2 a5 32. Kd1 Rb8 33. Kc2 a4 34. Nc1
Bc7 35. Rxc6 Be5 36. b3 axb3+ 37. axb3 Bd4 38. Re2 Rh8 39. f3 exf3 40. gxf3 Ra7
41. Ree6 Rh3 42. b4 Rxf3 43. b5 Ra1 44. b6 Rc3+ 45. Kd2 Rcxc1 46. b7 Rcb1 47.
Rb6 Ra2+ 48. Kd3 Rd1+ 49. Ke4 Re2+ 50. Kf3 Rxe6 51. Rxe6 Rb1 52. Re7 f5 0-1

[Event "Mulhouse 2010 - GM"]
[Site "Mulhouse"]
[Date "2010.??.??"]
[Round "?"]
[White "Roser, Kevin"]
[Black "Strohhaeker, Raoul"]
[Result "0-1"]
[WhiteElo "2429"]
[BlackElo "2432"]
[PlyCount "74"]
[EventDate "2010.07.??"]
[EventType "tourn"]
[EventRounds "9"]
[EventCountry "FRA"]
[EventCategory "13"]
[WhiteTeamCountry "FRA"]
[BlackTeamCountry "FRA"]

1. e4 c5 2. Nf3 e6 3. d4 cxd4 4. Nxd4 a6 5. Bd3 Nc6 6. Nxc6 dxc6 7. Nd2 Qc7 8.
a4 e5 9. O-O Nf6 10. Nc4 Be6 11. Qe1 Bc5 12. Bd2 O-O 13. Ba5 b6 14. Bc3 Nd7 15.
b4 Be7 16. Bb2 b5 17. axb5 axb5 18. Na5 Rfc8 19. Qc3 Nb6 20. Qxe5 Qxe5 21. Bxe5
Bxb4 22. Nb3 f6 23. Bf4 Bc3 24. Rxa8 Rxa8 25. Be3 Nc4 26. Bd4 Bb4 27. Ra1 Rxa1+
28. Bxa1 c5 29. c3 Ba3 30. Bc2 Nb6 31. Nd2 Bc1 32. Nf3 Bc4 33. Ne1 Na4 34. Nd3
Bxd3 35. Bxd3 c4 36. Bc2 Nc5 37. Kf1 Nb3 0-1

[Event "Mulhouse 2010 - GM"]
[Site "Mulhouse"]
[Date "2010.??.??"]
[Round "?"]
[White "Riff, Jean Noel"]
[Black "Rusev, Krasimir"]
[Result "1/2-1/2"]
[WhiteElo "2499"]
[BlackElo "2553"]
[PlyCount "24"]
[EventDate "2010.07.??"]
[EventType "tourn"]
[EventRounds "9"]
[EventCountry "FRA"]
[EventCategory "13"]
[WhiteTeamCountry "FRA"]
[BlackTeamCountry "FRA"]

1. e4 e6 2. d4 d5 3. Nc3 Nc6 4. e5 Nge7 5. Nf3 Nf5 6. Ne2 Bd7 7. Ng3 Nh4 8. c3
f5 9. Nh5 Qe7 10. g3 Nxf3+ 11. Qxf3 Qf7 12. h4 Be7 1/2-1/2

[Event "Mulhouse 2010 - GM"]
[Site "Mulhouse"]
[Date "2010.??.??"]
[Round "?"]
[White "Kurmann, Oliver"]
[Black "Stojanovic, Mihajlo"]
[Result "1/2-1/2"]
[WhiteElo "2443"]
[BlackElo "2577"]
[PlyCount "22"]
[EventDate "2010.07.??"]
[EventType "tourn"]
[EventRounds "9"]
[EventCountry "FRA"]
[EventCategory "13"]
[WhiteTeamCountry "FRA"]
[BlackTeamCountry "FRA"]

1. e4 e6 2. d4 d5 3. Nd2 Bd7 4. Ngf3 dxe4 5. Nxe4 Bc6 6. Bd3 Nd7 7. O-O Ngf6 8.
Ng3 Be7 9. Qe2 Bxf3 10. Qxf3 c6 11. c3 O-O 1/2-1/2

[Event "Mulhouse 2010 - GM"]
[Site "Mulhouse"]
[Date "2010.??.??"]
[Round "?"]
[White "Georgiev, Vladimir"]
[Black "Wirig, Anthony"]
[Result "1/2-1/2"]
[WhiteElo "2566"]
[BlackElo "2491"]
[PlyCount "21"]
[EventDate "2010.07.??"]
[EventType "tourn"]
[EventRounds "9"]
[EventCountry "FRA"]
[EventCategory "13"]
[WhiteTeamCountry "FRA"]
[BlackTeamCountry "FRA"]

1. d4 Nf6 2. c4 e6 3. a3 c5 4. dxc5 Bxc5 5. Nf3 b6 6. Nc3 Bb7 7. Bf4 O-O 8. Qc2
Nh5 9. Bxb8 Rxb8 10. e3 f5 11. Be2 1/2-1/2